Insuficiencia aórtica aguda grave / (Registro nro. 2209)

Detalles MARC
000 -LEADER
fixed length control field 00935nam a2200265 a 4500
008 - CAMPO DE CONTROL (LIBRO)
fixed length control field 150921e1986 ag ||||f |||| 00| 0 spa d
020 ## - INTERNATIONAL STANDARD BOOK NUMBER
ISBN 9509428035
041 ## - CODIGO DE IDIOMA
Código de idioma del texto/pista de sonido o título separado spa
092 ## - SIGNATURA TOPOGRAFICA DEWEY LOCAL
número de clasificación 616.12
libristica 51
sección MAR
100 1# - ENTRADA PRINCIPAL--NOMBRE PERSONAL
Nombre personal Martínez Martínez, José A.
9 (RLIN) 3791
245 ## - TITULO PROPIAMENTE DICHO
Título Insuficiencia aórtica aguda grave /
Mención de responsabilidad y remanente de la transcripción de la portada José A. Martínez Martínez
250 ## - MENCION DE EDICION
Mención de edición 1a ed.
260 ## - PIE DE IMPRENTA
Lugar de publicación, distribución, etc Buenos Aires:
Nombre de la editorial, distribuidor, etc Editorial Cientifica Interamericana;
Fecha de publicación 1986.
300 ## - DESCRIPCION FISICA
Extension 141 p.
Otros detalles físicos il
500 ## - NOTA GENERAL
Nota general Martínez Martínez., J. A., Suárez, L. D. y Perosio, A. M. (1986). Insuficiencia aórtica aguda grave. (1a ed.). Buenos Aires : Editorial Científica Interamericana.
653 ## - TÉRMINO INDIZADO - PALABRAS CLAVES
Palabra clave Historia aortica
653 ## - TÉRMINO INDIZADO - PALABRAS CLAVES
Palabra clave Etiologia y fisiopatologia
653 ## - TÉRMINO INDIZADO - PALABRAS CLAVES
Palabra clave Cuadro clinico
653 ## - TÉRMINO INDIZADO - PALABRAS CLAVES
Palabra clave Tecnicas complementarias
653 ## - TÉRMINO INDIZADO - PALABRAS CLAVES
Palabra clave Tratamiento
653 ## - TÉRMINO INDIZADO - PALABRAS CLAVES
Palabra clave Anatomia
700 1# - ENTRADAS SECUNDARIAS - NOMBRE PERSONAL
Nombre personal Suárez, Luis D.
9 (RLIN) 1582
700 1# - ENTRADAS SECUNDARIAS - NOMBRE PERSONAL
Nombre personal Perosio, Albino M.
9 (RLIN) 3792
942 ## - ADDED ENTRY ELEMENTS (KOHA)
Source of classification or shelving scheme Dewey Decimal Classification
Item type Libros
Existencias
Estado de retiro Existencia Fuente de clasificación Estado general No para prestamo Colección Ubicación permanente ubicación actual Sala de ubicación Fecha de adquisición Fuente de adquisición Total Checkouts Número de clasificación Código de barras Date last seen Número de ejemplar Price effective from Koha tipo de elemento (item) Public note Coded location qualifier
    Dewey Decimal Classification     Non-fiction Biblioteca Medicina Biblioteca Medicina Circulación 21/09/2015 Donación Jaime Novodvoretz, Septiembre 2015   612.12 51 MAR 3540 21/09/2015 Ej.1 21/09/2015 Libros Donación Jaime Novodvoretz, Septiembre 2015  
    Dewey Decimal Classification     Non-fiction Biblioteca Medicina Biblioteca Medicina Circulación 21/09/2015 Donación Jaime Novodvoretz, Septiembre 2015   612.12 51 MAR 3541 21/09/2015 Ej.2 21/09/2015 Libros Donación Jaime Novodvoretz, Septiembre 2015  
    Dewey Decimal Classification     Non-fiction Biblioteca Medicina Biblioteca Medicina Circulación 21/09/2015 Donación Jaime Novodvoretz, Septiembre 2015   612.12 51 MAR 3542 21/09/2015 Ej.3 21/09/2015 Libros Donación Jaime Novodvoretz, Septiembre 2015  

UNIVERSIDAD NACIONAL DEL COMAHUE
Biblioteca de la Facultad de Ciencias Médicas
Sede Toschi: Los Arrayanes y Av. Toschi, Cipolletti  - Rio Negro
Sede Los Tordos:  Yrigoyen al 2211, Cipolletti - Rio Negro 

Teléfono: 0299 - 4774707 int 25
Contacto: biblioteca@facimed.uncoma.edu.ar
© 2011 - 2026